<?xml version="1.0" encoding="UTF-8"?>
<record
    xmlns:xsi="http://www.w3.org/2001/XMLSchema-instance"
    xsi:schemaLocation="http://www.loc.gov/MARC21/slim http://www.loc.gov/standards/marcxml/schema/MARC21slim.xsd"
    xmlns="http://www.loc.gov/MARC21/slim">

  <leader>02429nam a22003857a 4500</leader>
  <datafield tag="999" ind1=" " ind2=" ">
    <subfield code="c">21789</subfield>
    <subfield code="d">21789</subfield>
  </datafield>
  <controlfield tag="003">AR-CdUCM</controlfield>
  <controlfield tag="008">190425b           ||||| |||| 00| 0 spa d</controlfield>
  <datafield tag="040" ind1=" " ind2=" ">
    <subfield code="a">MUNICIPALIDAD PROVINCIAL DEL CUSCO</subfield>
    <subfield code="c">BIBLIOTECA MUNICIPAL DEL CUSCO</subfield>
  </datafield>
  <datafield tag="082" ind1=" " ind2=" ">
    <subfield code="a">Rev.IAAC/N&#xB0;4/1945</subfield>
  </datafield>
  <datafield tag="110" ind1=" " ind2=" ">
    <subfield code="a">Instituto Americano de Arte del Cuzco</subfield>
    <subfield code="9">43770</subfield>
  </datafield>
  <datafield tag="245" ind1=" " ind2=" ">
    <subfield code="a">Revista del Instituto Americano de Arte /</subfield>
  </datafield>
  <datafield tag="260" ind1=" " ind2=" ">
    <subfield code="a">Cusco :</subfield>
    <subfield code="b">Talleres gr&#xE1;ficos La Econ&#xF3;mica,</subfield>
    <subfield code="c">1945.</subfield>
  </datafield>
  <datafield tag="300" ind1=" " ind2=" ">
    <subfield code="a">122 p&#xE1;ginas. :</subfield>
    <subfield code="b">ilustraciones ;</subfield>
    <subfield code="c">24 cm.</subfield>
  </datafield>
  <datafield tag="440" ind1=" " ind2=" ">
    <subfield code="a">Revista del Instituto Americano de Arte Cuzco.</subfield>
    <subfield code="n">A&#xF1;o IV, 1&#xB0;y2&#xB0; semestre de 1945, N&#xB0;4. Vol.I</subfield>
    <subfield code="9">46117</subfield>
  </datafield>
  <datafield tag="505" ind1=" " ind2=" ">
    <subfield code="a">Contenido: La semana del Cuzco. -- La campana mayor del Cuzco. Jorge Cornejo Bouroncle. -- El Dr. Don Francisco de Miranda y Bengoa y su obra cumbre. Isa&#xED;as Vargas. -- Los tesoros de la capital arqueol&#xF3;gica de Am&#xE9;rica su muy magn&#xED;fica catedral y su valiosa y recargada custodia de oro y piedras preciosas. Manuel E. Cuadros. -- Arquitectura y simbolismo de la Cruz en el Cuzco. J. Rafael Calder&#xF3;n P. -- Hacia nuestra Am&#xE9;rica. Alfredo Y&#xE9;pez Miranda. -- Folklore Nacional contribuci&#xF3;n a la bibliograf&#xED;a del folklore peruano. V&#xED;ctor Navarro del &#xC1;guila. -- La justicia del Acorasi de las tradiciones del Cuzco. &#xC1;ngel Carre&#xF1;o. -- Los Anales del Cuzco y su presunto autor don Diego de Esquivel y Navia. Horacio Villanueva U. -- Galer&#xED;a de arte cuzque&#xF1;o. Julio Guti&#xE9;rrez. -- Arte popular el Santurantikuy. Julio Guti&#xE9;rrez. -- Memoria del presidente del IAAC Luis Felipe Paredes a&#xF1;o de 1944. -- Itinerario de la canci&#xF3;n antolog&#xED;a. Luis Nieto. -- Cuaderno de la revista del IAAC. -- Vi&#xF1;etas y xilograbados de Julio Aybar.</subfield>
  </datafield>
  <datafield tag="650" ind1=" " ind2=" ">
    <subfield code="a">Arte popular</subfield>
    <subfield code="9">9558</subfield>
  </datafield>
  <datafield tag="650" ind1=" " ind2=" ">
    <subfield code="a">Arte cusque&#xF1;o</subfield>
    <subfield code="9">13165</subfield>
  </datafield>
  <datafield tag="650" ind1=" " ind2=" ">
    <subfield code="a">Historia del Cusco</subfield>
    <subfield code="9">1714</subfield>
  </datafield>
  <datafield tag="650" ind1=" " ind2=" ">
    <subfield code="a">Tradiciones cusque&#xF1;as</subfield>
    <subfield code="9">31110</subfield>
  </datafield>
  <datafield tag="650" ind1=" " ind2=" ">
    <subfield code="a">Arquitectura cat&#xF3;lica</subfield>
    <subfield code="9">46118</subfield>
  </datafield>
  <datafield tag="650" ind1=" " ind2=" ">
    <subfield code="a">Fiestas populares</subfield>
    <subfield code="9">34730</subfield>
  </datafield>
  <datafield tag="650" ind1=" " ind2=" ">
    <subfield code="a">Folcklore</subfield>
    <subfield code="9">46108</subfield>
  </datafield>
  <datafield tag="650" ind1=" " ind2=" ">
    <subfield code="a">Literatura cusque&#xF1;a</subfield>
    <subfield code="9">46110</subfield>
  </datafield>
  <datafield tag="650" ind1=" " ind2=" ">
    <subfield code="a">Poetas cusque&#xF1;os</subfield>
    <subfield code="9">5956</subfield>
  </datafield>
  <datafield tag="650" ind1=" " ind2=" ">
    <subfield code="a">Santurantikuy</subfield>
    <subfield code="9">46119</subfield>
  </datafield>
  <datafield tag="700" ind1=" " ind2=" ">
    <subfield code="a">Y&#xE9;pez Miranda, Alfredo</subfield>
    <subfield code="9">4230</subfield>
  </datafield>
  <datafield tag="700" ind1=" " ind2=" ">
    <subfield code="a">Navarro del &#xC1;guila, V&#xED;ctor</subfield>
    <subfield code="9">32360</subfield>
  </datafield>
  <datafield tag="700" ind1=" " ind2=" ">
    <subfield code="a">Guti&#xE9;rrez Loayza, Julio</subfield>
    <subfield code="9">46116</subfield>
  </datafield>
  <datafield tag="700" ind1=" " ind2=" ">
    <subfield code="a">Cornejo Bouroncle, Jorge</subfield>
    <subfield code="9">15278</subfield>
  </datafield>
  <datafield tag="700" ind1=" " ind2=" ">
    <subfield code="a">Nieto Miranda, Luis</subfield>
    <subfield code="9">31822</subfield>
  </datafield>
  <datafield tag="700" ind1=" " ind2=" ">
    <subfield code="a">Carre&#xF1;o, &#xC1;ngel</subfield>
    <subfield code="9">27901</subfield>
  </datafield>
  <datafield tag="700" ind1=" " ind2=" ">
    <subfield code="a">Villanueva Urteaga, Horacio</subfield>
    <subfield code="9">5790</subfield>
  </datafield>
  <datafield tag="942" ind1=" " ind2=" ">
    <subfield code="2">ddc</subfield>
    <subfield code="c">PP</subfield>
  </datafield>
  <datafield tag="945" ind1=" " ind2=" ">
    <subfield code="a">rac</subfield>
  </datafield>
  <datafield tag="952" ind1=" " ind2=" ">
    <subfield code="0">0</subfield>
    <subfield code="2">ddc</subfield>
    <subfield code="4">0</subfield>
    <subfield code="7">0</subfield>
    <subfield code="a">HEM</subfield>
    <subfield code="b">HEM</subfield>
    <subfield code="c">CART</subfield>
    <subfield code="d">2021-07-30</subfield>
    <subfield code="g">10.00</subfield>
    <subfield code="o">Rev.IAAC/N&#xB0;4/1945</subfield>
    <subfield code="p">REVC000225</subfield>
    <subfield code="r">2021-07-30</subfield>
    <subfield code="y">PP</subfield>
  </datafield>
  <datafield tag="952" ind1=" " ind2=" ">
    <subfield code="0">0</subfield>
    <subfield code="2">ddc</subfield>
    <subfield code="4">0</subfield>
    <subfield code="7">0</subfield>
    <subfield code="a">HEM</subfield>
    <subfield code="b">HEM</subfield>
    <subfield code="c">CART</subfield>
    <subfield code="d">2021-07-30</subfield>
    <subfield code="g">10.00</subfield>
    <subfield code="o">Rev.IAAC/N&#xB0;4/1945/e.2</subfield>
    <subfield code="p">REVC000226</subfield>
    <subfield code="r">2021-07-30</subfield>
    <subfield code="y">PP</subfield>
  </datafield>
  <datafield tag="952" ind1=" " ind2=" ">
    <subfield code="0">0</subfield>
    <subfield code="2">ddc</subfield>
    <subfield code="4">0</subfield>
    <subfield code="7">0</subfield>
    <subfield code="a">HEM</subfield>
    <subfield code="b">HEM</subfield>
    <subfield code="c">CART</subfield>
    <subfield code="d">2021-07-30</subfield>
    <subfield code="g">10.00</subfield>
    <subfield code="o">Rev.IAAC/N&#xB0;4/1945/e.3</subfield>
    <subfield code="p">REVC000228</subfield>
    <subfield code="r">2021-07-30</subfield>
    <subfield code="y">PP</subfield>
  </datafield>
</record>
